Modelos cognitivos formales: Una herramienta para la integración del conocimiento en psicología cognitiva y neurociencia cognitiva (Record no. 175033)
[ view plain ]
| 000 -CABECERA | |
|---|---|
| campo de control de longitud fija | 01942nab a2200301 a 4500 |
| 005 - FECHA Y HORA DE LA ÚLTIMA TRANSACCIÓN | |
| campo de control | 20210219162355.0 |
| 008 - ELEMENTOS DE LONGITUD FIJA--INFORMACIÓN GENERAL | |
| campo de control de longitud fija | 991125s1985 mx 000 0 spa u |
| 035 ## - NÚMERO DE CONTROL DEL SISTEMA | |
| Número de control de sistema | UPN01000202932 |
| 049 ## - COLECCIÓN | |
| Colección | ART-E |
| 100 1# - ASIENTO PRINCIPAL--NOMBRE PERSONAL | |
| Nombre de persona | Rodríguez Villagra, Odir |
| 100 1# - ASIENTO PRINCIPAL--NOMBRE PERSONAL | |
| Filiación | odir.rodriguez@ucr.ac.cr |
| 222 #0 - TÍTULO CLAVE | |
| Título clave | ACTUALIDADES EN PSICOLOGIA |
| 245 00 - MENCIÓN DE TÍTULO | |
| Título | Modelos cognitivos formales: Una herramienta para la integración del conocimiento en psicología cognitiva y neurociencia cognitiva |
| 260 ## - PUBLICACIÓN, DISTRIBUCIÓN, ETC. | |
| Lugar de publicación, distribución, etc. | Costa Rica |
| 300 ## - DESCRIPCIÓN FÍSICA | |
| Extensión | 79-91 |
| 362 0# - FECHAS DE PUBLICACIÓN Y/O DESIGNACIÓN SECUENCIAL | |
| Fecha de publicación y/o designación secuencial | 2014 Vol. 28, no. 117 |
| 336 ## - TIPO DE CONTENIDO | |
| Término de tipo de contenido | texto$2rdacontent |
| 337 ## - TIPO DE MEDIO | |
| Nombre/término del tipo de medio | computadora$2rdamedia |
| 338 ## - TIPO DE SOPORTE | |
| Nombre/término del tipo de soporte | recurso en linea$2rdacarrier |
| 520 3# - NOTA DE RESUMEN, ETC. | |
| Sumario, etc. | El objetivo de la presente revisión fue proponer algunas recomendaciones para aquellos psicólogos cognitivos interesados en incorporar el estudio del sistema nervioso en sus investigaciones. Primero, son presentadas algunas resistencias de científicos cognitivos y neurocientíficos para incorporar las teorías de la neurociencia o la psicología cognitiva en sus respectivas áreas de estudio. Luego, se exponen algunos riesgos relacionados con el atractivo de las neurociencias. Segundo, se proponen los modelos cognitivos formales como una herramienta importante en la integración del conocimiento entre la psicología cognitiva y la neurociencia cognitiva. Tercero, se presentan ejemplos de cómo los modelos cognitivos formales ayudan al razonamiento en el contexto de la investigación en neurociencia cognitiva. Finalmente, se enumeran algunas recomendaciones con el afán de promover un inicio promisorio en la investigación en neurociencia cognitiva. |
| 653 0# - TERMINO DE INDIZACION - NO CONTROLADO | |
| Término no controlado | PSICOLOGIA COGNITIVA |
| 653 0# - TERMINO DE INDIZACION - NO CONTROLADO | |
| Término no controlado | NEUROCIENCIA COGNITIVA |
| 653 0# - TERMINO DE INDIZACION - NO CONTROLADO | |
| Término no controlado | RAZONAMIENTO |
| 653 0# - TERMINO DE INDIZACION - NO CONTROLADO | |
| Término no controlado | SISTEMA NERVIOSO |
| 856 4# - LOCALIZACIÓN Y ACCESO ELECTRÓNICOS | |
| Identificador Uniforme del Recurso | <a href="http://www.revistas.ucr.ac.cr/index.php/actualidades/article/view/14481/16711">http://www.revistas.ucr.ac.cr/index.php/actualidades/article/view/14481/16711</a> |
| 905 ## - TIPO DE MATERIAL | |
| Tipo de material | Articulo |
No items available.
